000 00527nam a22001937a 4500
005 20260515115056.0
008 250304b |||||||| |||| 00| 0 eng d
020 _a9788119679607
040 _aIN-DiNC
_cIN-DiNC
041 _dasm
082 _a301
_bBOR
100 _aBorah, Birinchi Kumar
_eauthor
245 _aArthaniti aru samaj (Minor4)/
_cby Birinchi Kumar Borah
250 _a1st NEP ed.
260 _aJorhat:
_bBidya bhawan,
_c2025.
300 _a216p.
650 _aEconomy and society (Minor4)
942 _2ddc
_cBK
999 _c12109
_d12109